French Speaking Countries - World Map Sudden Death - Statistics

General Stats
  • This quiz has been taken 340 times
    253 since last reset
  • The average score is 8 of 14
Answers on the Grid
Answers color-coded by a green-red scale on the quiz's grid according to % correct below.
 
Answer Stats
Answer % Correct
France, Belgium, Switzerland
93%
Guinea, Ivory Coast, Chad, Cameroon +8
80%
Haiti
70%
Canada
65%
Canada
64%
Senegal, Guinea
64%
Canada
62%
Canada
58%
Canada
57%
DRC, Gabon, Republic of the Congo, Burundi
46%
Madagascar, Seychelles, Mauritius, Comoros
43%
Belgium
36%
Djibouti
33%
Vanuatu
24%
No matching quizzes found
Score Distribution
Percent of People with Each Score
Percentile by Number Answered
Your Score History
You have not taken this quiz since the last reset